00370 2200145 4500001002100000005001500021035002000036245006700056100002400123300001200147260003100159082000800190084001400198990001200212INLIS00000000000205020250527092057 a0010-05250003421 aPanduan Lengkap Memasuki Purna Kerja /cDrs.Djoko Purwanto,MBA0 a.Djoko Purwanto,MBA a106 hlm ajakarta :bErlangga,c2002 a300 a300 .DJ p a0713110